000 00628nam a2200241 a 4500
001 0001-1009
003 ELIB.Books
008 141021 2010 eng
020 _a10: 0801027551
035 _a(ELIB.Books)0001-1163
092 _a241
_bTru
100 _aTrull, Joe E.
245 _aMinisterial Ethics
_bMoral Formation for Church Leaders
250 _aSecond Edition
260 _aGrand Rapids
_bBaker Academic
_c2004
300 _a288
_c20.5 Cm
650 _aEthics
856 _nKBTS; Library
_uKBTS; Elib.
942 _2ddc
_cBK
990 _a1
998 _cbat
_e2014-10-21
999 _c11009
_d11009